WEBSTER'S DICTIONARY OF SYNONYMS / (Record no. 617372)

000 -LEADER
fixed length control field 00391nam a22001457a 4500
020 ## - INTERNATIONAL STANDARD BOOK NUMBER
Qualifying information HB.
040 ## - CATALOGING SOURCE
Transcribing agency FIZZA ISHAQ
082 ## - DEWEY DECIMAL CLASSIFICATION NUMBER
Classification number 423.1
Author Mark MER
100 ## - MAIN ENTRY--PERSONAL NAME
Personal name WEBSTER,MERRIAM.
9 (RLIN) 131955
245 ## - TITLE STATEMENT
Title WEBSTER'S DICTIONARY OF SYNONYMS /
Statement of responsibility, etc. MERRIAM WEBSTER,
250 ## - EDITION STATEMENT
Edition statement 1st ED.
260 ## - PUBLICATION, DISTRIBUTION, ETC.
Place of publication, distribution, etc. NEW YORK ;
Name of publisher, distributor, etc. G.& C.MERRIAM CO.PUBLISHERS,
Date of publication, distribution, etc. 1942.
300 ## - PHYSICAL DESCRIPTION
Extent 907 P. ;
Dimensions 10.1X7.1IN
942 ## - ADDED ENTRY ELEMENTS (KOHA)
Source of classification or shelving scheme
Koha item type Book
Holdings
Withdrawn status Lost status Source of classification or shelving scheme Damaged status Not for loan Permanent Location Current Location Shelving location Date acquired Total Checkouts Full call number Barcode Date last seen Price effective from Koha item type
          NUST Baluchistan Campus (NBC) NUST Baluchistan Campus (NBC) Reference 05/10/2026   423.1 MER QD-206 05/10/2026 05/10/2026 Book
© 2023 Central Library, National University of Sciences and Technology. All Rights Reserved.